000 01047nam a2200313I 4500
001 14593
003 BD-RjUL
005 20211208235645.0
008 140206s1964 njua b 000 0 eng d
035 _aMITb10166242
035 _a(BD-RjUL)14646
035 _aGLIS00166242
040 _aWSU
_cWSU
_dMYG
_dBD-RjUL
_beng
041 _aeng
082 _a621.381
_bELE
090 _aTK7882.M38
_bP545
099 _aTK7882.M38.P545
110 2 _aPhilco Technological Center.
_945494
245 1 0 _aElectronic precision measurement techniques and experiments
_bby members of the staff of Philco Technological Center
_cEdited by John E. Remich.
260 _aEnglewood Cliffs, N.J. :
_bPrentice-Hall,
_c1964.
300 _axi, 336 p. :
_billus. ;
_c26 cm.
490 1 _aPrentice-Hall electronics technology series
504 _aBibliography: p.[330]
650 0 _aElectronic measurements.
_9681
700 1 _aRemich, John E.
_945488
830 0 _aPrentice-Hall electronic technology series.
_945495
942 _2ddc
_cBK
999 _c14593
_d14593